Mecánica de fluídos /
Guardado en:
| Autor Principal: | |
|---|---|
| Otros Autores: | , , |
| Formato: | Libro |
| Idioma: | Spanish English |
| Publicado: |
Santafé de Bogotá ; Buenos Aires :
McGraw Hill,
c2000.
|
| Edición: | 9a ed. |
| Materias: | |
| Etiquetas: |
Agregar Etiqueta
Sin Etiquetas, Sea el primero en etiquetar este registro!
|
| LEADER | 01073nam a22003015a 4500 | ||
|---|---|---|---|
| 001 | EIQ.libpla003621 | ||
| 008 | 080220s2000####ag#a##########001#0#spa#d | ||
| 005 | 20080220151001.0 | ||
| 245 | 1 | 0 | |a Mecánica de fluídos / |c Victor L. Streeter, E. Benjamin Wylie, Keith W. Bedford ; Traducción Juan G. Saldarriaga V. |
| 250 | |a 9a ed. | ||
| 260 | |a Santafé de Bogotá ; |a Buenos Aires : |b McGraw Hill, |c c2000. | ||
| 300 | |a ix, 740 p. : |b il. ; |c 28 cm. | ||
| 500 | |a Traducción de la ed. en inglés de Fluid Mechanics. | ||
| 500 | |a Incluye índice. | ||
| 020 | |a 9586009874 | ||
| 100 | 1 | |a Streeter, Victor L. |q (Victor Lyle), |d 1909- | |
| 700 | 1 | |a Wylie, E. Benjamin. | |
| 700 | 1 | |a Bedford, Keith W. | |
| 700 | 1 | |a Santos, Germán R., |e tr. |4 trl | |
| 650 | 4 | |a Procesos |x Mecánica de fluídos. | |
| 650 | 4 | |a Calor |x Transferencia. | |
| 650 | 4 | |a Masa |x Transferencia. | |
| 650 | 4 | |a Processes |x Fluid mechanics. | |
| 650 | 4 | |a Heat |x Transfer. | |
| 650 | 4 | |a Mass |x Transfer. | |
| 040 | |a AR-BbSID |b spa |d AR-BbSID | ||
| 041 | 1 | |a spa |h eng | |
| 859 | |a AR-BbSID |b BIB. PLAPIQUI |h 532 |i St 83 |p 5610 | ||
